[Event "Benidorm op-A"]
[Site "Benidorm"]
[Date "2023.11.02"]
[Round "6"]
[White "Roulet Dubonnet, Emerik Vapenstad"]
[Black "Palomo Teruel, Xavier"]
[Result "1-0"]
[WhiteElo "2164"]
[BlackElo "2094"]
[PlyCount "75"]
[EventDate "2023.10.29"]
[EventType "swiss"]
[EventRounds "9"]
[EventCountry "ESP"]
[SourceTitle "Mega2024 Update 01"]
[Source "Chessbase"]
[SourceDate "2023.11.12"]
[SourceVersion "1"]
[SourceVersionDate "2023.11.12"]
[SourceQuality "1"]

1. c4 c6 2. Nf3 d5 3. e3 Nf6 4. Nc3 e6 5. b3 Bd6 6. Bb2 0-0 7. d4 Nbd7 8. Be2 b6 9. 0-0 Bb7 10. Qc2 Qe7 11. Rad1 Rad8 12. Rfe1 Rfe8 13. Bf1 c5 14. cxd5 exd5 15. g3 a6 16. dxc5 bxc5 17. Bg2 Nf8 18. Ne2 Ng6 19. Nf4 Ne4 20. Nd2 f5 21. Nxe4 dxe4 22. Nxg6 hxg6 23. Bf1 g5 24. Bc4+ Kh7 25. Qe2 Kg6 26. Bxa6 Ba8 27. Rd2 Rh8 28. Red1 f4 29. Qg4 f3 30. Bc4 Rhe8 31. Bd5 Bxd5 32. Rxd5 Bc7 33. h4 Kh7 34. Qf5+ g6 35. Qf6 Rxd5 36. Rxd5 gxh4 37. Rxc5 hxg3 38. Rxc7 1-0

[Event "Fagernes Autumn op"]
[Site "Fagernes"]
[Date "2023.10.15"]
[Round "9"]
[White "Roulet Dubonnet, Emerik Vapenstad"]
[Black "Deshpande, Aniruddha"]
[Result "0-1"]
[WhiteElo "2164"]
[BlackElo "2284"]
[PlyCount "86"]
[EventDate "2023.10.08"]
[EventType "swiss"]
[EventRounds "9"]
[EventCountry "NOR"]
[SourceTitle "Mega2024 Update 01"]
[Source "Chessbase"]
[SourceDate "2023.11.12"]
[SourceVersion "1"]
[SourceVersionDate "2023.11.12"]
[SourceQuality "1"]

1. d4 Nf6 2. c4 g6 3. g3 c5 4. d5 e6 5. Nc3 exd5 6. cxd5 d6 7. Bg2 Bg7 8. Nf3 0-0 9. 0-0 Re8 10. Bf4 h6 11. a4 Na6 12. Re1 g5 13. Bc1 Bf5 14. Nd2 Nb4 15. e4 Nd3 16. Re2 Bc8 17. Nc4 Nxc1 18. Qxc1 Ng4 19. Nb5 Bf8 20. Qd2 a6 21. Nc3 Bg7 22. Rf1 Rb8 23. a5 Bd4 24. Kh1 b5 25. axb6 Ne5 26. Nxe5 dxe5 27. f4 Rxb6 28. Bf3 g4 29. Bg2 a5 30. Ra1 h5 31. Bf1 h4 32. Rg2 hxg3 33. Rxg3 exf4 34. Qxf4 Be5 35. Rxg4+ Bxg4 36. Qxg4+ Rg6 37. Qh5 Qf6 38. Bb5 Rh6 39. Qg4+ Kh8 40. Rf1 Rxh2+ 41. Kg1 Qh6 42. Bxe8 Qe3+ 43. Rf2 Qxf2# 0-1

[Event "Fagernes Autumn op"]
[Site "Fagernes"]
[Date "2023.10.08"]
[Round "1"]
[White "Roulet Dubonnet, Emerik Vapenstad"]
[Black "Kvaloy, Aksel Bu"]
[Result "0-1"]
[WhiteElo "2164"]
[BlackElo "2458"]
[PlyCount "112"]
[EventDate "2023.10.08"]
[EventType "swiss"]
[EventRounds "9"]
[EventCountry "NOR"]
[SourceTitle "Mega2024 Update 01"]
[Source "Chessbase"]
[SourceDate "2023.11.12"]
[SourceVersion "1"]
[SourceVersionDate "2023.11.12"]
[SourceQuality "1"]

1. d4 Nf6 2. c4 e6 3. Nc3 Bb4 4. Qc2 0-0 5. a3 Bxc3+ 6. Qxc3 d5 7. Nf3 dxc4 8. Qxc4 b6 9. Bg5 Bb7 10. e3 c5 11. dxc5 Nbd7 12. Rd1 Bd5 13. Qh4 h6 14. Bxf6 Nxf6 15. Bc4 bxc5 16. Bxd5 exd5 17. 0-0 Rb8 18. Rd2 Rb3 19. Rc1 Qb6 20. h3 Rxb2 21. Rxb2 Qxb2 22. Rxc5 Qxa3 23. Qd4 Rb8 24. Ne5 Qa2 25. Nd3 Qd2 26. Nf4 Qe1+ 27. Kh2 Qxf2 28. Nxd5 Nxd5 29. Rxd5 Qa2 30. h4 a6 31. Qe4 Qf2 32. Rf5 Qb2 33. Re5 Rf8 34. h5 Qb8 35. Kg1 Rc8 36. Kf2 Qa8 37. Qf5 Rc6 38. Kg1 Rc1+ 39. Kh2 Qb8 40. Qf4 Rf1 41. Qg3 f6 42. Rg5 Qxg3+ 43. Rxg3 Rf5 44. Rh3 Rg5 45. Kg1 a5 46. Kf2 Kf7 47. e4 Ke6 48. Kf3 a4 49. Kf4 Ra5 50. Ra3 Ra7 51. g3 Ra6 52. Kf3 Ke5 53. Ke3 Ra5 54. Kd3 f5 55. exf5 Kxf5 56. Rb3 axb3 0-1

[Event "NOR-chB"]
[Site "Oslo"]
[Date "2023.07.05"]
[Round "6"]
[White "Roulet Dubonnet, Emerik Vapenstad"]
[Black "Brattgjerd, Isak Vinh"]
[Result "1-0"]
[WhiteElo "2197"]
[BlackElo "2185"]
[PlyCount "43"]
[EventDate "2023.06.30"]
[EventType "swiss"]
[EventRounds "9"]
[EventCountry "NOR"]
[SourceTitle "EXT 2024"]
[Source "ChessBase"]
[SourceDate "2023.10.10"]
[SourceVersion "1"]
[SourceVersionDate "2023.10.10"]
[SourceQuality "1"]

1. d4 d5 2. c4 dxc4 3. Nf3 Nf6 4. e3 e6 5. Bxc4 c5 6. 0-0 a6 7. b3 Nbd7 8. Bb2 Be7 9. dxc5 Bxc5 10. Nbd2 0-0 11. Qe2 Qe7 12. Rfd1 b5 13. Bd3 Nb6 14. Ng5 Nbd5 15. a4 bxa4 16. Rxa4 a5 17. Qf3 Bb7 18. Qh3 h6 19. Rh4 Rfd8 20. Rxh6 gxh6 21. Qxh6 Qf8 22. Qh7+ 1-0

[Event "NOR-chB"]
[Site "Oslo"]
[Date "2023.07.02"]
[Round "2"]
[White "Roulet Dubonnet, Emerik Vapenstad"]
[Black "Skotheim, Andreas"]
[Result "1/2-1/2"]
[WhiteElo "2197"]
[BlackElo "2241"]
[PlyCount "45"]
[EventDate "2023.06.30"]
[EventType "swiss"]
[EventRounds "9"]
[EventCountry "NOR"]
[SourceTitle "EXT 2024"]
[Source "ChessBase"]
[SourceDate "2023.10.10"]
[SourceVersion "1"]
[SourceVersionDate "2023.10.10"]
[SourceQuality "1"]

1. c4 Nf6 2. d4 e6 3. Nf3 Bb4+ 4. Bd2 Bxd2+ 5. Qxd2 0-0 6. Nc3 d5 7. e3 Qe7 8. Rc1 Nbd7 9. Bd3 dxc4 10. Bxc4 c5 11. 0-0 Nb6 12. Bb3 Rd8 13. Rfd1 cxd4 14. Nxd4 Bd7 15. Qe2 e5 16. Nc2 g6 17. e4 Bc6 18. f3 Rxd1+ 19. Rxd1 Rd8 20. g3 Kg7 21. Kg2 h5 22. h4 Rd6 23. Ne3 1/2-1/2

[Event "Fagernes op-A"]
[Site "Fagernes"]
[Date "2023.04.09"]
[Round "9"]
[White "Roulet Dubonnet, Emerik Vapenstad"]
[Black "Fiskaaen, Martin Holten"]
[Result "1-0"]
[WhiteElo "2215"]
[BlackElo "2040"]
[PlyCount "235"]
[EventDate "2023.04.02"]
[EventType "swiss"]
[EventRounds "9"]
[EventCountry "NOR"]
[SourceTitle "CBM 213 Extra"]
[Source "ChessBase"]
[SourceDate "2023.05.31"]
[SourceVersion "1"]
[SourceVersionDate "2023.05.31"]
[SourceQuality "1"]

1. c4 e5 2. g3 c6 3. Nf3 e4 4. Nd4 d5 5. cxd5 Qxd5 6. Nc2 Nf6 7. Nc3 Qe5 8. Bg2 Na6 9. Ne3 Bc5 10. 0-0 Bxe3 11. dxe3 h5 12. Qd4 Qxd4 13. exd4 Bf5 14. Bg5 0-0-0 15. Rfd1 Rhe8 16. Rac1 Nb4 17. h4 Nbd5 18. Nxd5 Rxd5 19. Bxf6 gxf6 20. e3 Red8 21. Rc3 Kd7 22. Bf1 Be6 23. Ra3 a6 24. Rc1 Rc8 25. Rac3 Rd6 26. a3 Ke7 27. Be2 Rh8 28. Rc5 Rd5 29. Rxd5 Bxd5 30. Kf1 Kd6 31. Ke1 Rh7 32. Kd2 Rh8 33. Kd1 Bb3+ 34. Ke1 Bd5 35. Kd2 Ke7 36. Kc3 Kd6 37. Kb4 Kc7 38. Rc2 Kb6 39. Kc3 Kc7 40. Kd2 Kd6 41. Rc5 Kc7 42. b4 Kd7 43. Kc1 Kd6 44. Kb2 Rh7 45. Bd1 Rh8 46. Kb1 Rh7 47. Kc1 Rh6 48. Kb2 Rh8 49. Be2 Rh7 50. Rc1 Rh8 51. Kc3 Rh7 52. Rb1 Rh6 53. a4 Rh8 54. Ra1 Kc7 55. Rf1 Kd6 56. Rb1 Kc7 57. Rh1 f5 58. Rc1 Kd6 59. Kb2 Rh6 60. Rc5 Rh8 61. Bd1 Rh6 62. Be2 Rh8 63. Bf1 Rh6 64. Bh3 Ke6 65. Rc1 Rh8 66. Re1 Rg8 67. Rb1 Ra8 68. Kc3 Rc8 69. Bf1 Kd6 70. Be2 Rh8 71. Ra1 Kc7 72. Ra3 Kb6 73. Kb2 Rh6 74. Rc3 Rh8 75. Bf1 Rh6 76. Bh3 Rf6 77. Rc5 Kc7 78. b5 axb5 79. axb5 b6 80. Rc1 Kb7 81. bxc6+ Bxc6 82. Kc3 Rd6 83. Bf1 f6 84. Be2 Be8 85. Kd2 Bf7 86. Rb1 Be8 87. Rb2 Rd8 88. Ra2 Bf7 89. Ra1 Rd6 90. Ba6+ Kc7 91. Rc1+ Kd8 92. Rc8+ Kd7 93. Rb8 Kc6 94. Rf8 Bd5 95. Be2 b5 96. Bxh5 Kd7 97. Rb8 Bc4 98. Ra8 b4 99. Rb8 b3 100. Bd1 Ra6 101. Bxb3 Bxb3 102. Rxb3 Ra2+ 103. Ke1 Ra1+ 104. Ke2 Rh1 105. Rb7+ Ke6 106. Rh7 Kd6 107. h5 Kd5 108. h6 Ke6 109. Kd2 Rh2 110. Ke1 Rh1+ 111. Ke2 Rh2 112. Kf1 Rh1+ 113. Kg2 Rh5 114. Rh8 Kf7 115. d5 f4 116. d6 f3+ 117. Kg1 Rd5 118. d7 1-0

[Event "Fagernes op-A"]
[Site "Fagernes"]
[Date "2023.04.07"]
[Round "7"]
[White "Roulet Dubonnet, Emerik Vapenstad"]
[Black "Kushagra, Mohan"]
[Result "0-1"]
[WhiteElo "2215"]
[BlackElo "2400"]
[PlyCount "56"]
[EventDate "2023.04.02"]
[EventType "swiss"]
[EventRounds "9"]
[EventCountry "NOR"]
[SourceTitle "CBM 213 Extra"]
[Source "ChessBase"]
[SourceDate "2023.05.31"]
[SourceVersion "1"]
[SourceVersionDate "2023.05.31"]
[SourceQuality "1"]

1. d4 f5 2. Nf3 Nf6 3. g3 g6 4. Bg2 Bg7 5. 0-0 0-0 6. c4 d6 7. Nc3 Qe8 8. b3 Na6 9. Ba3 c6 10. Qc2 Rb8 11. Rac1 b5 12. Bb2 bxc4 13. bxc4 c5 14. e3 Nb4 15. Qe2 e5 16. dxe5 dxe5 17. Rfd1 e4 18. Ne1 Be6 19. Rb1 Nd3 20. Nxd3 Bxc4 21. Bf1 Bxd3 22. Rxd3 exd3 23. Qxd3 Ne4 24. Nxe4 Qxe4 25. Qxe4 fxe4 26. Bc4+ Kh8 27. Bxg7+ Kxg7 28. Rb6 axb6 0-1

[Event "Noisiel op 8th"]
[Site "Noisiel"]
[Date "2023.02.19"]
[Round "2"]
[White "Bonte, Andrei Mihai"]
[Black "Roulet Dubonnet, Emerik Vapenstad"]
[Result "1/2-1/2"]
[WhiteElo "2335"]
[BlackElo "2247"]
[PlyCount "43"]
[EventDate "2023.02.18"]
[EventType "swiss"]
[EventRounds "9"]
[EventCountry "FRA"]
[SourceTitle "CBM 212 Extra"]
[Source "ChessBase"]
[SourceDate "2023.03.31"]
[SourceVersion "1"]
[SourceVersionDate "2023.03.31"]
[SourceQuality "1"]

1. d4 Nf6 2. Nf3 d5 3. c4 e6 4. Nc3 a6 5. c5 b6 6. cxb6 c5 7. e3 cxd4 8. exd4 Qxb6 9. Be2 Nc6 10. 0-0 Bd6 11. b3 0-0 12. Bb2 Bd7 13. Na4 Qa7 14. Ne5 Rfc8 15. Rc1 h6 16. Bd3 Be8 17. Bb1 Rc7 18. Qd2 Rac8 19. Rfd1 Ne7 20. Nc5 a5 21. Bc3 a4 22. b4 1/2-1/2

[Event "Fagernes Autumn op"]
[Site "Fagernes"]
[Date "2022.10.16"]
[Round "9"]
[White "Roulet Dubonnet, Emerik Vapenstad"]
[Black "Nielsen, Viktor Haarmark"]
[Result "1-0"]
[WhiteElo "2343"]
[BlackElo "2384"]
[PlyCount "169"]
[EventDate "2022.10.09"]
[EventType "swiss"]
[EventRounds "9"]
[EventCountry "NOR"]
[SourceTitle "CBM 210 Extra"]
[Source "ChessBase"]
[SourceDate "2022.11.30"]
[SourceVersion "1"]
[SourceVersionDate "2022.11.30"]
[SourceQuality "1"]

1. c4 e6 2. d4 d5 3. Nf3 Nf6 4. Nc3 Bb4 5. e3 0-0 6. Bd2 b6 7. cxd5 exd5 8. Rc1 Bb7 9. Bd3 a6 10. 0-0 Nbd7 11. Ne5 c5 12. a3 cxd4 13. Nxd7 dxc3 14. axb4 cxd2 15. Nxf6+ Qxf6 16. Qxd2 Rad8 17. Rfd1 Rd7 18. Qe2 b5 19. Qg4 Rd6 20. Qd4 Qxd4 21. exd4 Re8 22. Rc7 Bc8 23. f3 h5 24. Kf2 g6 25. Re1 Red8 26. h4 Kg7 27. Kg3 Bd7 28. Re2 Rf6 29. Re5 Rd6 30. Kf4 Rf6+ 31. Kg3 Rd6 32. Rc5 Be6 33. Kf4 Rh8 34. Re1 Kf6 35. Bb1 Rg8 36. Re5 Rh8 37. Ba2 Ra8 38. Bb3 Rh8 39. Ke3 Rhd8 40. Ba2 R6d7 41. Rc6 Rd6 42. Rc5 R6d7 43. Kf4 Ra8 44. Rc6 Kg7 45. Bb3 Rdd8 46. Re1 Ra7 47. Ra1 Bc8 48. Rac1 Be6 49. Rc7 Raa8 50. R1c5 Kf6 51. R7c6 Ra7 52. Rxd5 Rxd5 53. Bxd5 a5 54. Bxe6 fxe6 55. d5 axb4 56. Rxe6+ Kf7 57. Rb6 Ra2 58. Kg5 Rxb2 59. g4 hxg4 60. fxg4 Rd2 61. Rxb5 Rd4 62. Rb7+ Kf8 63. Rb6 Kf7 64. Rf6+ Ke7 65. Rb6 Kf7 66. Rb7+ Kf8 67. d6 Rxd6 68. Rxb4 Kg7 69. Rb7+ Kf8 70. Kh6 Rd4 71. Rb8+ Kf7 72. Rb7+ Kf8 73. g5 Rxh4+ 74. Kxg6 Rg4 75. Rb8+ Ke7 76. Rg8 Ke6 77. Rf8 Ke7 78. Rf1 Rg2 79. Kh6 Rh2+ 80. Kg7 Rh3 81. Re1+ Kd7 82. g6 Rh2 83. Kg8 Rh3 84. g7 Rh2 85. Re4 1-0

[Event "Fagernes Autumn op"]
[Site "Fagernes"]
[Date "2022.10.14"]
[Round "7"]
[White "Roulet Dubonnet, Emerik Vapenstad"]
[Black "Padmini, Rout"]
[Result "0-1"]
[WhiteElo "2343"]
[BlackElo "2390"]
[PlyCount "82"]
[EventDate "2022.10.09"]
[EventType "swiss"]
[EventRounds "9"]
[EventCountry "NOR"]
[SourceTitle "CBM 210 Extra"]
[Source "ChessBase"]
[SourceDate "2022.11.30"]
[SourceVersion "1"]
[SourceVersionDate "2022.11.30"]
[SourceQuality "1"]

1. d4 Nf6 2. c4 c5 3. d5 b5 4. cxb5 a6 5. e3 g6 6. Nc3 Bg7 7. Nf3 d6 8. a4 0-0 9. Bc4 Nbd7 10. Ra3 Nb6 11. Qb3 Nxc4 12. Qxc4 e6 13. 0-0 exd5 14. Nxd5 axb5 15. axb5 Bb7 16. e4 Bxd5 17. exd5 Nd7 18. Bg5 Qc7 19. Qb3 Nb6 20. Rd1 h6 21. Bf4 g5 22. Bd2 c4 23. Qa2 Rxa3 24. Qxa3 Ra8 25. Ba5 Qb7 26. h3 Nd7 27. Qb4 Nc5 28. Ra1 Qxd5 29. Nd2 c3 30. Nc4 cxb2 31. Nxb2 Nb7 32. Rd1 Qa2 33. Nc4 Nxa5 34. Nxd6 Qb3 35. Qxb3 Nxb3 36. b6 Rb8 37. b7 Bf8 38. Rb1 Nc5 39. Nc4 Rxb7 40. Nd6 Rxb1+ 41. Kh2 Bxd6+ 0-1

[Event "Fagernes Autumn op"]
[Site "Fagernes"]
[Date "2022.10.10"]
[Round "2"]
[White "Verbin, Valentina"]
[Black "Roulet Dubonnet, Emerik Vapenstad"]
[Result "1/2-1/2"]
[WhiteElo "2075"]
[BlackElo "2343"]
[PlyCount "114"]
[EventDate "2022.10.09"]
[EventType "swiss"]
[EventRounds "9"]
[EventCountry "NOR"]
[SourceTitle "CBM 210 Extra"]
[Source "ChessBase"]
[SourceDate "2022.11.30"]
[SourceVersion "1"]
[SourceVersionDate "2022.11.30"]
[SourceQuality "1"]

1. e4 c5 2. Nf3 e6 3. d4 cxd4 4. Nxd4 Nc6 5. Nc3 Qc7 6. Be3 a6 7. Be2 Nf6 8. 0-0 Be7 9. f4 d6 10. Qe1 0-0 11. Qg3 Kh8 12. Rae1 Bd7 13. Kh1 Rad8 14. Qf2 Rc8 15. Bf3 b5 16. a3 Qb8 17. g4 b4 18. axb4 Qxb4 19. g5 Ng8 20. Nb3 Na5 21. Nxa5 Qxa5 22. Bd4 Qb4 23. Na2 Qa4 24. Nc3 Qb4 25. Na2 Qb5 26. Bc3 a5 27. Nc1 a4 28. Ne2 Qc5 29. Qg2 Rfe8 30. Bh5 Rf8 31. Qh3 d5 32. Bxf7 Be8 33. Bxe6 Rd8 34. Bxd5 Rxd5 35. exd5 Qxd5+ 36. Qg2 Qc4 37. Nd4 Bc5 38. Qe2 Qf7 39. Nf3 Bc6 40. Qe6 Qb7 41. Qg4 Ne7 42. h4 Ng6 43. Be5 Nxe5 44. Rxe5 Bd6 45. Re6 Bxf4 46. Qg2 Bd5 47. Ree1 Qxb2 48. c4 Qxg2+ 49. Kxg2 Bxc4 50. Rf2 a3 51. Ne5 Bd5+ 52. Kg1 a2 53. Nf7+ Bxf7 54. Rxf4 g6 55. Ra4 Rb8 56. Kf2 Rb1 57. Ra7 Kg8 1/2-1/2

[Event "Fagernes Autumn op"]
[Site "Fagernes"]
[Date "2022.10.09"]
[Round "1"]
[White "Roulet Dubonnet, Emerik Vapenstad"]
[Black "Holand, Per Fredrik"]
[Result "0-1"]
[WhiteElo "2343"]
[BlackElo "2024"]
[PlyCount "152"]
[EventDate "2022.10.09"]
[EventType "swiss"]
[EventRounds "9"]
[EventCountry "NOR"]
[SourceTitle "CBM 210 Extra"]
[Source "ChessBase"]
[SourceDate "2022.11.30"]
[SourceVersion "1"]
[SourceVersionDate "2022.11.30"]
[SourceQuality "1"]

1. d4 d5 2. c4 c6 3. cxd5 cxd5 4. Nc3 Nf6 5. Nf3 Nc6 6. Bf4 a6 7. Rc1 Bf5 8. e3 Rc8 9. Be2 e6 10. 0-0 Bd6 11. Bxd6 Qxd6 12. Na4 0-0 13. Qb3 Rc7 14. Nc5 Qe7 15. Qb6 Rfc8 16. Rc3 Bg4 17. Re1 Ne4 18. Nxe4 dxe4 19. Nd2 Bxe2 20. Rxe2 f5 21. Rc5 Nb8 22. Nb3 Rc6 23. Qb4 Rxc5 24. Nxc5 Nc6 25. Qb6 Ne5 26. b4 Rc6 27. Qa7 Nd3 28. h3 Qc7 29. a4 Rb6 30. g3 Rxb4 31. Kg2 Kf7 32. h4 Rb1 33. Rd2 Nb4 34. Qxb7 Qxb7 35. Nxb7 Ra1 36. Nc5 a5 37. f3 exf3+ 38. Kxf3 Ra3 39. Rb2 g6 40. Rb3 Ra1 41. Kf4 Kf6 42. e4 Rf1+ 43. Rf3 Rd1 44. Nb3 h6 45. Rc3 Rf1+ 46. Rf3 g5+ 47. hxg5+ hxg5+ 48. Ke3 Re1+ 49. Kd2 Rxe4 50. Re3 Rg4 51. Ke2 Nc6 52. Rd3 Ke7 53. Kf2 Kd6 54. Rc3 Re4 55. Rc4 g4 56. Rc3 Nxd4 57. Rd3 Kd5 58. Nxa5 Re2+ 59. Kf1 Rb2 60. Nc6 Kxc6 61. Rxd4 Ra2 62. Rb4 Rc2 63. Rb8 Kd5 64. a5 Rc5 65. a6 Ra5 66. Rb6 e5 67. Rf6 Ke4 68. Kg1 f4 69. gxf4 exf4 70. Rb6 Ra1+ 71. Kg2 Ra2+ 72. Kg1 g3 73. Rb4+ Kf3 74. Rb3+ Kg4 75. Rb6 Ra1+ 76. Kg2 f3# 0-1

[Event "Fagernes op"]
[Site "Fagernes"]
[Date "2022.04.17"]
[Round "9"]
[White "Roulet Dubonnet, Emerik Vapenstad"]
[Black "Andersen, Morten"]
[Result "1/2-1/2"]
[WhiteElo "2050"]
[BlackElo "2190"]
[PlyCount "71"]
[EventDate "2022.04.10"]
[EventType "swiss"]
[EventRounds "9"]
[EventCountry "NOR"]
[SourceTitle "CBM 207 Extra"]
[Source "ChessBase"]
[SourceDate "2022.05.31"]
[SourceVersion "1"]
[SourceVersionDate "2022.05.31"]
[SourceQuality "1"]

1. d4 d5 2. c4 e6 3. Nc3 Nf6 4. cxd5 exd5 5. Bg5 c6 6. e3 Bd6 7. Bd3 0-0 8. Nge2 Nbd7 9. Qd2 Re8 10. f3 h6 11. Bh4 Ne4 12. Bxd8 Nxd2 13. Bh4 Nc4 14. Bxc4 dxc4 15. e4 Nb6 16. 0-0-0 f5 17. h3 Be6 18. Rhf1 fxe4 19. fxe4 Bf7 20. Bg3 Bb4 21. a3 Ba5 22. Rf5 Bxc3 23. Nxc3 Bg6 24. Rf4 Rad8 25. Rd2 Rf8 26. Rxf8+ Rxf8 27. Rf2 Re8 28. Re2 Nd7 29. Kd2 Nf6 30. Be5 Kf7 31. Rf2 Re6 32. Ke3 b5 33. g4 a5 34. Rf4 Ke7 35. Bxf6+ Rxf6 36. Rxf6 1/2-1/2

[Event "Fagernes op"]
[Site "Fagernes"]
[Date "2022.04.15"]
[Round "7"]
[White "Roulet Dubonnet, Emerik Vapenstad"]
[Black "Rahul, Kumar Pune"]
[Result "1/2-1/2"]
[WhiteElo "2050"]
[BlackElo "2204"]
[PlyCount "83"]
[EventDate "2022.04.10"]
[EventType "swiss"]
[EventRounds "9"]
[EventCountry "NOR"]
[SourceTitle "CBM 207 Extra"]
[Source "ChessBase"]
[SourceDate "2022.05.31"]
[SourceVersion "1"]
[SourceVersionDate "2022.05.31"]
[SourceQuality "1"]

1. d4 g6 2. c4 Bg7 3. e4 d6 4. Nc3 e6 5. h4 e5 6. Be3 Nc6 7. Nge2 h6 8. f3 Bd7 9. Qd2 exd4 10. Nxd4 Nxd4 11. Bxd4 Bxd4 12. Qxd4 Qf6 13. 0-0-0 Qxd4 14. Rxd4 Bc6 15. h5 g5 16. Nd1 a5 17. Ne3 Nf6 18. g3 g4 19. Nxg4 Nxg4 20. fxg4 Rg8 21. Be2 Ke7 22. Rf1 Rg5 23. Kd2 Bd7 24. Rf4 Be6 25. Ke3 Ra6 26. Rd2 Rc6 27. b3 Rcc5 28. Rd1 Rg7 29. a3 Rcg5 30. b4 b6 31. Rb1 Rg8 32. b5 Bxg4 33. Bxg4 Rxg4 34. Rxg4 Rxg4 35. Kf3 f5 36. exf5 Rxc4 37. Re1+ Kf6 38. Re4 Rc5 39. g4 Kg5 40. a4 Rc3+ 41. Re3 Rc4 42. Re4 1/2-1/2

[Event "Fagernes op"]
[Site "Fagernes"]
[Date "2021.10.16"]
[Round "8"]
[White "Roulet Dubonnet, Emerik Vapenstad"]
[Black "Lye, Sverre"]
[Result "1/2-1/2"]
[WhiteElo "2084"]
[BlackElo "1858"]
[PlyCount "100"]
[EventDate "2021.10.10"]
[EventType "swiss"]
[EventRounds "9"]
[EventCountry "NOR"]
[SourceTitle "CBM 204 Extra"]
[Source "ChessBase"]
[SourceDate "2021.11.30"]
[SourceVersion "1"]
[SourceVersionDate "2021.11.30"]
[SourceQuality "1"]

1. c4 e5 2. Nc3 Nf6 3. g3 c6 4. Nf3 e4 5. Nd4 d5 6. cxd5 cxd5 7. d3 Bc5 8. dxe4 Qb6 9. e3 dxe4 10. Bg2 Bg4 11. Qc2 Nc6 12. Nxc6 Qxc6 13. 0-0 Bf5 14. Na4 Nd7 15. Bd2 0-0 16. b4 Be7 17. Qxc6 bxc6 18. Rfc1 Ne5 19. a3 Rac8 20. Nc5 Rfd8 21. Bc3 Bxc5 22. Bxe5 Bb6 23. Bf1 f6 24. Bc3 Be6 25. Ba6 Rb8 26. Be1 Bd5 27. Rc2 Bc7 28. Rac1 Be5 29. Bc4 Kf7 30. Bc3 Bxc3 31. Rxc3 Ke7 32. g4 g6 33. Kf1 Ra8 34. Ba6 Rab8 35. Rc5 Be6 36. Be2 Bd5 37. Rd1 Be6 38. Rxc6 Rxd1+ 39. Bxd1 a5 40. g5 fxg5 41. Rc7+ Kf6 42. Rc6 Ke7 43. Rc7+ Kf6 44. Rxh7 axb4 45. axb4 Rxb4 46. Kg2 Bf5 47. Rc7 Rb5 48. Ba4 Rd5 49. Bb3 Rd8 50. Rc6+ Ke5 1/2-1/2

[Event "Fagernes op"]
[Site "Fagernes"]
[Date "2021.10.15"]
[Round "7"]
[White "Roulet Dubonnet, Emerik Vapenstad"]
[Black "Verbin, Valentina"]
[Result "1/2-1/2"]
[WhiteElo "2084"]
[BlackElo "2023"]
[PlyCount "87"]
[EventDate "2021.10.10"]
[EventType "swiss"]
[EventRounds "9"]
[EventCountry "NOR"]
[SourceTitle "CBM 204 Extra"]
[Source "ChessBase"]
[SourceDate "2021.11.30"]
[SourceVersion "1"]
[SourceVersionDate "2021.11.30"]
[SourceQuality "1"]

1. d4 Nf6 2. c4 e6 3. Nc3 Bb4 4. Qc2 0-0 5. Nf3 d5 6. a3 Bxc3+ 7. Qxc3 Nbd7 8. Bg5 c6 9. e3 Ne4 10. Bxd8 Nxc3 11. Bh4 Ne4 12. Bd3 f5 13. Nd2 g5 14. Bxe4 gxh4 15. Bd3 f4 16. Ke2 e5 17. cxd5 cxd5 18. Bc2 fxe3 19. fxe3 exd4 20. exd4 Nf6 21. Nf3 Bg4 22. Rhf1 Ne4 23. Ke3 Bxf3 24. Rxf3 Rfe8 25. Kd3 Nd6 26. Bb3 Nc4 27. Bxc4 dxc4+ 28. Kc3 Re2 29. Rd1 Rxg2 30. d5 Rd8 31. Kxc4 Rc2+ 32. Kd4 Rxh2 33. Rg1+ Kh8 34. Rd3 Rxb2 35. Rh1 Rb5 36. Ke5 Re8+ 37. Kf6 Rb2 38. d6 Rf2+ 39. Kg5 Rg8+ 40. Kh5 Rf5+ 41. Kxh4 Rf6 42. Kh5 Rf5+ 43. Kh4 Rf6 44. Kh5 1/2-1/2

[Event "Fagernes op"]
[Site "Fagernes"]
[Date "2021.10.14"]
[Round "6"]
[White "Dahl, Max"]
[Black "Roulet Dubonnet, Emerik Vapenstad"]
[Result "1/2-1/2"]
[WhiteElo "2041"]
[BlackElo "2084"]
[PlyCount "40"]
[EventDate "2021.10.10"]
[EventType "swiss"]
[EventRounds "9"]
[EventCountry "NOR"]
[SourceTitle "CBM 204 Extra"]
[Source "ChessBase"]
[SourceDate "2021.11.30"]
[SourceVersion "1"]
[SourceVersionDate "2021.11.30"]
[SourceQuality "1"]

1. d4 e6 2. c4 Nf6 3. Nf3 Bb4+ 4. Nbd2 0-0 5. a3 Be7 6. e4 d6 7. Be2 Nfd7 8. b4 e5 9. d5 a5 10. Bb2 c6 11. Bc3 axb4 12. axb4 Rxa1 13. Qxa1 cxd5 14. cxd5 Nb6 15. Qa2 f5 16. Bxe5 dxe5 17. d6+ Kh8 18. dxe7 Qxe7 19. Qb2 fxe4 20. Qxe5 Qxb4 1/2-1/2

[Event "Fagernes op"]
[Site "Fagernes"]
[Date "2021.10.13"]
[Round "5"]
[White "Bentsen, Hakon"]
[Black "Roulet Dubonnet, Emerik Vapenstad"]
[Result "0-1"]
[WhiteElo "2088"]
[BlackElo "2084"]
[PlyCount "110"]
[EventDate "2021.10.10"]
[EventType "swiss"]
[EventRounds "9"]
[EventCountry "NOR"]
[SourceTitle "CBM 204 Extra"]
[Source "ChessBase"]
[SourceDate "2021.11.30"]
[SourceVersion "1"]
[SourceVersionDate "2021.11.30"]
[SourceQuality "1"]

1. e4 e6 2. d4 d5 3. Nd2 c5 4. exd5 Qxd5 5. Ngf3 cxd4 6. Bc4 Qd7 7. 0-0 Nc6 8. Nb3 Nf6 9. Nbxd4 Nxd4 10. Qxd4 Qxd4 11. Nxd4 Bd7 12. Be2 Bc5 13. Nb3 Bb6 14. Bf3 Rc8 15. c3 Bc6 16. Bxc6+ Rxc6 17. Bf4 Nd5 18. Be5 f6 19. Bd4 Kf7 20. Rad1 Re8 21. Rd2 e5 22. Bxb6 Nxb6 23. Na5 Rc7 24. Rfd1 Ree7 25. Kf1 Red7 26. Ke2 Ke6 27. c4 f5 28. b3 Rxd2+ 29. Rxd2 Nd7 30. c5 Nxc5 31. Nc4 b5 32. Na3 a6 33. Rd8 Ne4 34. Re8+ Kf6 35. Ra8 Rc6 36. f3 Nc3+ 37. Kd2 Nxa2 38. Nxb5 Nc1 39. Nc3 Nxb3+ 40. Kd3 Nc5+ 41. Kd2 Rd6+ 42. Ke2 Ne6 43. g3 g6 44. Ra7 h6 45. h4 Nc5 46. Ra8 e4 47. fxe4 Nxe4 48. Nxe4+ fxe4 49. g4 Ke5 50. Rh8 g5 51. hxg5 hxg5 52. Rf8 Kd4 53. Rf5 Rd5 54. Rf6 a5 55. Re6 Rb5 0-1

[Event "Trondheim Brokstads Memorial"]
[Site "Trondheim"]
[Date "2019.11.23"]
[Round "5"]
[White "Roulet Dubonnet, Emerik Vapenstad"]
[Black "Dahl, Trygve"]
[Result "1/2-1/2"]
[WhiteElo "1784"]
[BlackElo "2229"]
[PlyCount "67"]
[EventDate "2019.11.22"]
[EventType "swiss"]
[EventRounds "7"]
[EventCountry "NOR"]
[SourceTitle "EXT 2021"]
[Source "ChessBase"]
[SourceDate "2020.10.23"]
[SourceVersion "1"]
[SourceVersionDate "2020.10.23"]
[SourceQuality "1"]

1. d4 Nf6 2. c4 g6 3. Nc3 Bg7 4. e4 0-0 5. f3 d6 6. Be3 e5 7. Nge2 c6 8. Qd2 Nbd7 9. 0-0-0 a6 10. Kb1 b5 11. c5 b4 12. Na4 Qa5 13. b3 d5 14. Ng3 Re8 15. Bd3 dxe4 16. Nxe4 Nd5 17. Nd6 Rf8 18. Bc4 Nxe3 19. Qxe3 exd4 20. Rxd4 Nxc5 21. Rf4 Nxa4 22. bxa4 Qe5 23. Qxe5 Bxe5 24. Rxf7 Rxf7 25. Nxf7 Bf5+ 26. Kc1 Bf4+ 27. Kb2 Kg7 28. g3 Bd2 29. Rd1 Bc3+ 30. Kb3 c5 31. g4 Bc8 32. Rd8 Bb7 33. Rd7 Bc8 34. Rc7 1/2-1/2